تحميل...

METHODS IN APPLIED SOIL MICROBIOLOGY AND BIOCHEMISTRY

التفاصيل البيبلوغرافية
المؤلفون الرئيسيون: ALEF KASSEM (ED), NANNIPIERI PAOLO (ED)
التنسيق: Printed Book
منشور في: AMSTERDAM ELSEVIER 1995
الموضوعات:
LEADER 01010nam a22002777a 4500
020 |a 9780125138406 (PBK) 
082 |a 631.417 ALE/ME 
100 |a ALEF KASSEM (ED). 
100 |a NANNIPIERI PAOLO (ED). 
245 |a METHODS IN APPLIED SOIL MICROBIOLOGY AND BIOCHEMISTRY 
260 |a AMSTERDAM  |b ELSEVIER  |c 1995 
300 |a 576P. 
650 |a QUALITY CONTROL 
650 |a SOIL SAMPLING 
650 |a ENRICHMENT 
650 |a ESTIMATION MICROBIAL ACTIVITIES 
650 |a ANAEROBIC ACTIVITIES 
650 |a ENZYME ACTIVITIES 
650 |a MICOBIAL BIOMASS 
650 |a COMMUNITY STRRUCTURE 
650 |a FIELD METHODS 
650 |a BIOREMEDIATION OF SOIL 
942 |c BK 
999 |c 167387  |d 167387 
952 |0 0  |1 0  |4 0  |6 631_417000000000000_ALE_ME  |7 0  |9 171122  |a KAUCOAP  |b KAUCOAP  |c GEN  |d 2013-07-29  |o 631.417 ALE/ME  |p KAU_COAP08395  |r 2013-07-29  |w 2013-07-29  |y BK 
952 |0 0  |1 0  |4 0  |6 631_417000000000000_ALE_ME  |7 0  |9 171123  |a KAUCOAP  |b KAUCOAP  |d 2014-03-05  |o 631.417 ALE/ME  |p KAU_COAP09217  |r 2014-03-05  |w 2014-03-05  |y BK